Slováci výpredaje milujú
Slováci sú citliví na ceny. Nákupné správanie sa však postupne mení a predajcovia na Slovensku museli začať bojovať o zákazníkov aj inými formami. Black friday. V hlavnej úlohe marketing.
Guardado en:
| Autor principal: | |
|---|---|
| Formato: | Capítulo de libro |
| Lenguaje: | eslovaco |
| Materias: | |
| Etiquetas: |
Sin Etiquetas, Sea el primero en etiquetar este registro!
|
MARC
| LEADER | 00000naa a2200000 4500 | ||
|---|---|---|---|
| 001 | 0226002 | ||
| 005 | 20170112095949.9 | ||
| 041 | 0 | |a slo | |
| 044 | |a SK | ||
| 245 | 1 | 0 | |a Slováci výpredaje milujú |c Michaela Petrášová |
| 520 | |a Slováci sú citliví na ceny. Nákupné správanie sa však postupne mení a predajcovia na Slovensku museli začať bojovať o zákazníkov aj inými formami. Black friday. V hlavnej úlohe marketing. | ||
| 610 | 2 | 0 | |a maloobchod |
| 610 | 2 | 0 | |a výpredaj sezónny |
| 610 | 2 | 0 | |a správanie spotrebiteľa |
| 610 | 2 | 0 | |a Slovensko |
| 610 | 2 | 0 | |a ceny |
| 610 | 2 | 0 | |a zľavy obchodné |
| 100 | 1 | |a Petrášová, Michaela | |